Las Relaciones internacionales de América Latina en la década de 1980: cambio y continuidad /

সংরক্ষণ করুন:
গ্রন্থ-পঞ্জীর বিবরন
প্রধান লেখক: Klaveren, Alberto van
বিন্যাস: পাঠ‍্য
বিষয়গুলি:
ট্যাগগুলো: ট্যাগ যুক্ত করুন
কোনো ট্যাগ নেই, প্রথমজন হিসাবে ট্যাগ করুন!

MARC

LEADER 00000 a a2200000 04500
001 7636
003
040
100 |a Klaveren, Alberto van  
245 |a Las Relaciones internacionales de América Latina en la década de 1980:   |b cambio y continuidad /  |c Alberto van Klaveren 
650 |a RELACIONES INTERNACIONALES  
650 |a POLITICA EXTERIOR  
650 |a DEMOCRACIA  
650 |a RELACIONES ECONOMICAS INTERNACIONALES  
773 |g volumen 23, número 89; páginas 82-118  
999 |c 33577  |d 33577